[Event "Transnational Crown"]
[Site "Montreal CAN"]
[Date "2023.06.06"]
[Round "1.1"]
[White "Msellek, Ilyass"]
[Black "Liang, Awonder"]
[Result "1/2-1/2"]
[WhiteElo "2405"]
[BlackElo "2651"]
[PlyCount "101"]
[EventDate "2023.06.06"]
[EventType "swiss"]
[EventRounds "9"]
[EventCountry "CAN"]

1. e4 c6 2. d4 d5 3. Nc3 dxe4 4. Nxe4 Bf5 5. Ng3 Bg6 6. h4 h6 7. Nf3 Nd7 8. Bd3
Bxd3 9. Qxd3 e6 10. Bd2 Ngf6 11. O-O-O Be7 12. Ne4 Nxe4 13. Qxe4 Nf6 14. Qe2 a5
15. Rhg1 Qd5 16. Kb1 Qe4 17. Qf1 Ng4 18. Re1 Qf5 19. Qe2 O-O 20. Ne5 Nxe5 21.
dxe5 Bxh4 22. g3 Be7 23. g4 Qh7 24. Rg3 Rfd8 25. Rh1 Rd4 26. f3 Bb4 27. Be3 Rd5
28. g5 h5 29. g6 fxg6 30. Bg5 Rf8 31. a3 Bc5 32. f4 Rf7 33. Ka2 Kf8 34. Rd3
Rfd7 35. Rxd5 Rxd5 36. c4 Rd4 37. Rd1 Qg8 38. b4 axb4 39. axb4 Qf7 40. bxc5 Qd7
41. Rxd4 Qxd4 42. Kb3 Qxc5 43. Qd3 Qb6+ 44. Kc2 Kg8 45. Qxg6 Qf2+ 46. Kc3 Qe1+
47. Kc2 Qe2+ 48. Kb3 Qe3+ 49. Kb4 Qb6+ 50. Kc3 Qe3+ 51. Kc2 1/2-1/2

[Event "Transnational Crown"]
[Site "Montreal CAN"]
[Date "2023.06.06"]
[Round "1.2"]
[White "Bruzon Batista, Lazaro"]
[Black "Lee, Alice"]
[Result "1/2-1/2"]
[WhiteElo "2617"]
[BlackElo "2390"]
[PlyCount "76"]
[EventDate "2023.06.06"]
[EventType "swiss"]
[EventRounds "9"]
[EventCountry "CAN"]

1. c4 c6 2. d4 d5 3. cxd5 cxd5 4. Bf4 Nf6 5. Nc3 Nc6 6. e3 a6 7. Bd3 Bg4 8.
Nge2 e6 9. O-O Bd6 10. f3 Bh5 11. Na4 O-O 12. Nc5 Bxf4 13. Nxf4 Qe7 14. Rc1 Bg6
15. Nxg6 hxg6 16. f4 Rfc8 17. a3 Rc7 18. Rf2 Rac8 19. Rfc2 Nb8 20. h3 Ne8 21.
g3 Nd6 22. h4 Nd7 23. b4 Nf5 24. Nxd7 Qxd7 25. Kf2 Rxc2+ 26. Rxc2 Nd6 27. Qc1
Rxc2+ 28. Qxc2 Qc8 29. Qc5 Qd7 30. a4 Ne4+ 31. Bxe4 dxe4 32. b5 axb5 33. axb5
Qd5 34. Qxd5 exd5 35. g4 f6 36. f5 g5 37. hxg5 fxg5 38. Ke2 b6 1/2-1/2

[Event "Transnational Crown"]
[Site "Montreal CAN"]
[Date "2023.06.06"]
[Round "1.3"]
[White "Krishnan, Varun"]
[Black "Bartel, Mateusz"]
[Result "0-1"]
[WhiteElo "2378"]
[BlackElo "2609"]
[PlyCount "92"]
[EventDate "2023.06.06"]
[EventType "swiss"]
[EventRounds "9"]
[EventCountry "CAN"]

1. e4 e5 2. Nf3 Nc6 3. d4 exd4 4. Nxd4 Qf6 5. Nxc6 dxc6 6. Bd3 Ne7 7. f4 Bd7 8.
O-O O-O-O 9. Nc3 g5 10. Qe2 gxf4 11. e5 Qg7 12. Bxf4 Nd5 13. Nxd5 cxd5 14. Qh5
Be6 15. Rf3 Qg4 16. Qxg4 Bxg4 17. Rg3 Be6 18. Bg5 Bc5+ 19. Kh1 Rdg8 20. Rf1 Bd4
21. Bf6 Rxg3 22. Bxh8 Rxd3 23. cxd3 Bxb2 24. Bf6 c5 25. Rb1 Bd4 26. Rd1 b5 27.
Bg5 b4 28. g3 a5 29. Kg2 Kd7 30. Bf4 a4 31. Kf3 h5 32. Re1 Bg4+ 33. Kg2 Bc3 34.
Rf1 Be2 35. Rf2 Bxd3 36. Be3 d4 37. Bh6 Bc4 38. Rf6 Be6 39. Kf2 a3 40. Ke2 b3
41. axb3 a2 42. Rf1 Bxb3 43. Kd3 a1=Q 44. Rxa1 Bxa1 45. h4 Be6 46. Ke4 c4 0-1

[Event "Transnational Crown"]
[Site "Montreal CAN"]
[Date "2023.06.06"]
[Round "1.4"]
[White "Neiksans, Arturs"]
[Black "Song, Edward"]
[Result "1/2-1/2"]
[WhiteElo "2605"]
[BlackElo "2375"]
[PlyCount "96"]
[EventDate "2023.06.06"]
[EventType "swiss"]
[EventRounds "9"]
[EventCountry "CAN"]

1. e4 e5 2. Nf3 Nf6 3. Nxe5 d6 4. Nf3 Nxe4 5. Bd3 Nf6 6. O-O Be7 7. h3 O-O 8.
c3 d5 9. Bc2 Bd6 10. d4 h6 11. Re1 Re8 12. Ne5 c5 13. Bf4 Nc6 14. Nxc6 Rxe1+
15. Qxe1 bxc6 16. Bxd6 Qxd6 17. dxc5 Qxc5 18. Nd2 Qb6 19. Nb3 Be6 20. Qd2 c5
21. Re1 a5 22. Nc1 d4 23. cxd4 cxd4 24. Bb3 Bxb3 25. Nxb3 Rb8 26. Re2 a4 27.
Nc1 Qc5 28. Qc2 Qb5 29. Nd3 Re8 30. Rxe8+ Qxe8 31. b4 axb3 32. axb3 Nd5 33. b4
Nc3 34. Qd2 Qb5 35. Kh2 Qc4 36. g3 Qb5 37. h4 Qc4 38. Qc2 Qb5 39. Qd2 Qc4 40.
Ne5 Qxb4 41. Qf4 Qe7 42. Nc6 Qd7 43. Nxd4 Nd5 44. Qf3 Nf6 45. Nf5 h5 46. Qe3
Qe6 47. Qf4 g6 48. Qd4 Kh7 1/2-1/2

[Event "Transnational Crown"]
[Site "Montreal CAN"]
[Date "2023.06.06"]
[Round "1.6"]
[White "Lenderman, Alexandr"]
[Black "Wang, Tianqi"]
[Result "1-0"]
[WhiteElo "2566"]
[BlackElo "2361"]
[PlyCount "71"]
[EventDate "2023.06.06"]
[EventType "swiss"]
[EventRounds "9"]
[EventCountry "CAN"]

1. d4 d5 2. Nf3 Bf5 3. c4 e6 4. Nc3 c6 5. Qb3 Qb6 6. c5 Qc7 7. Bf4 Qc8 8. Nh4
Bg4 9. h3 Bh5 10. g4 Be7 11. Nf3 Bg6 12. h4 h6 13. Ne5 Bh7 14. g5 Bf5 15. g6
fxg6 16. e4 dxe4 17. Rg1 g5 18. hxg5 hxg5 19. Bxg5 Nf6 20. Bxf6 gxf6 21. Ng6
Bxg6 22. Rxg6 Kf7 23. Rg1 f5 24. Bc4 Bf6 25. Ne2 Na6 26. Bxe6+ Qxe6 27. Qxb7+
Be7 28. Qxa6 Rh4 29. O-O-O Rd8 30. Kb1 f4 31. Nc3 e3 32. fxe3 fxe3 33. Rdf1+
Bf6 34. d5 Qe5 35. Qxa7+ Kf8 36. Qg7+ 1-0

[Event "Transnational Crown"]
[Site "Montreal CAN"]
[Date "2023.06.06"]
[Round "1.8"]
[White "Matviishen, Viktor"]
[Black "Tanaka, Tyler"]
[Result "1-0"]
[WhiteElo "2538"]
[BlackElo "2315"]
[PlyCount "51"]
[EventDate "2023.06.06"]
[EventType "swiss"]
[EventRounds "9"]
[EventCountry "CAN"]

1. d4 Nf6 2. c4 e6 3. Nc3 Bb4 4. e3 O-O 5. Bd3 d5 6. a3 Bxc3+ 7. bxc3 dxc4 8.
Bxc4 c5 9. Bd3 Qc7 10. Bb2 c4 11. Bc2 e5 12. Ne2 Re8 13. O-O b5 14. a4 bxa4 15.
Ba3 Bb7 16. Ng3 g6 17. e4 Nbd7 18. d5 Nc5 19. Bxa4 Red8 20. Bc2 a5 21. Rb1 Ba6
22. Qd2 Ne6 23. Qh6 Ng7 24. Qg5 Nfe8 25. f4 f6 26. fxe5 1-0

[Event "Transnational Crown"]
[Site "Montreal CAN"]
[Date "2023.06.06"]
[Round "1.11"]
[White "Andersen, Gunnar"]
[Black "Moradiabadi, Elshan"]
[Result "0-1"]
[WhiteElo "2283"]
[BlackElo "2520"]
[PlyCount "62"]
[EventDate "2023.06.06"]
[EventType "swiss"]
[EventRounds "9"]
[EventCountry "CAN"]

1. e4 e5 2. Nf3 Nc6 3. Bb5 a6 4. Ba4 Bc5 5. c3 Nge7 6. O-O Ng6 7. d4 Ba7 8. Be3
O-O 9. Nbd2 exd4 10. cxd4 d5 11. e5 Nce7 12. Bc2 Bf5 13. h4 Bg4 14. Qb1 Qd7 15.
Nh2 h6 16. f4 Nxh4 17. g3 Nhg6 18. Nxg4 Qxg4 19. Kf2 c5 20. Nf3 cxd4 21. Nxd4
Bxd4 22. Bxd4 Nxf4 23. Qd1 Qxd1 24. Raxd1 Ne6 25. Bc3 Rfd8 26. Bb3 a5 27. a4
Nc5 28. Bc2 Nc6 29. Bd4 Ne6 30. Bb6 Rd7 31. Bb3 Ra6 0-1

[Event "Transnational Crown"]
[Site "Montreal CAN"]
[Date "2023.06.06"]
[Round "1.12"]
[White "Szabo, Gergely-Andras-Gyul"]
[Black "Xu, Daniel"]
[Result "1-0"]
[WhiteElo "2504"]
[BlackElo "2276"]
[PlyCount "73"]
[EventDate "2023.06.06"]
[EventType "swiss"]
[EventRounds "9"]
[EventCountry "CAN"]

1. d4 Nf6 2. Nf3 g6 3. Nbd2 d5 4. e3 Bg7 5. b4 O-O 6. c4 c6 7. a4 Nbd7 8. Bb2
a5 9. b5 c5 10. Qb3 e6 11. Be2 b6 12. O-O Bb7 13. Rac1 Rc8 14. Rfd1 Qe7 15. Ba3
e5 16. cxd5 Bxd5 17. Bc4 Bb7 18. Qa2 Ne4 19. Nxe4 Bxe4 20. Bd5 exd4 21. Bxe4
Qxe4 22. exd4 Bh6 23. Re1 Qf5 24. Rcd1 Rfe8 25. Rxe8+ Rxe8 26. h3 Bg7 27. dxc5
Nxc5 28. Rd5 Qf4 29. Bxc5 Qc1+ 30. Kh2 bxc5 31. Qd2 Qa3 32. Rd8 Rf8 33. b6 Qb4
34. Rxf8+ Bxf8 35. Qxb4 axb4 36. Nd2 Bh6 37. Nc4 1-0

[Event "Transnational Crown"]
[Site "Montreal CAN"]
[Date "2023.06.06"]
[Round "1.13"]
[White "Hua, Eugene"]
[Black "Ortiz Suarez, Isan Reynaldo"]
[Result "0-1"]
[WhiteElo "2275"]
[BlackElo "2503"]
[PlyCount "88"]
[EventDate "2023.06.06"]
[EventType "swiss"]
[EventRounds "9"]
[EventCountry "CAN"]

1. c4 c5 2. Nc3 Nc6 3. g3 g6 4. Bg2 Bg7 5. Nf3 d6 6. O-O Rb8 7. e3 Nh6 8. d4
cxd4 9. exd4 Bg4 10. d5 Ne5 11. Bxh6 Bxh6 12. Qa4+ b5 13. Nxb5 Nxf3+ 14. Bxf3
Bxf3 15. Nd4+ Qd7 16. Qxd7+ Kxd7 17. Nxf3 Rxb2 18. c5 Bg7 19. cxd6 exd6 20. Kg2
Rc8 21. a4 Rc5 22. Rab1 Rcc2 23. Rxb2 Rxb2 24. Rd1 Rb4 25. a5 Rb5 26. a6 Rb6
27. Nd4 Bxd4 28. Rxd4 Rxa6 29. Rb4 Rb6 30. Rf4 Ke7 31. Rc4 a5 32. Kf3 Rb3+ 33.
Ke2 Rb5 34. Rd4 Rb4 35. Rd1 a4 36. Ra1 Kf6 37. Kd3 Ke5 38. Kc3 Re4 39. Rd1 Re2
40. f4+ Kf5 41. Kb4 Rxh2 42. Kxa4 Rb2 43. Re1 Rd2 44. Re7 Kf6 0-1

[Event "Transnational Crown"]
[Site "Montreal CAN"]
[Date "2023.06.06"]
[Round "1.14"]
[White "Kantans, Toms"]
[Black "Cervantes Landeiro, Thalia"]
[Result "1-0"]
[WhiteElo "2486"]
[BlackElo "2271"]
[PlyCount "97"]
[EventDate "2023.06.06"]
[EventType "swiss"]
[EventRounds "9"]
[EventCountry "CAN"]

1. e4 c5 2. Nf3 d6 3. Bb5+ Nd7 4. a4 Ngf6 5. Nc3 g6 6. a5 Bg7 7. e5 dxe5 8.
Nxe5 O-O 9. Nc4 a6 10. Ba4 b5 11. axb6 Nxb6 12. Bb3 Ng4 13. Qe2 Nxc4 14. Bxc4
Bd4 15. Ne4 Bf5 16. c3 Bxe4 17. Qxg4 Bf5 18. Qe2 Bf6 19. Rxa6 Rxa6 20. Bxa6 Qd6
21. Bc4 Rd8 22. O-O h5 23. h3 h4 24. Qe3 Rd7 25. Re1 e5 26. d3 Rd8 27. Qf3 Kg7
28. Be3 Rb8 29. b3 Rd8 30. Ra1 Rd7 31. Ra6 Qe7 32. Ra8 Ra7 33. Rxa7 Qxa7 34.
Qd5 e4 35. Bxc5 Qa1+ 36. Kh2 Be6 37. Qxe4 Qxc3 38. Be3 Bd7 39. d4 Qb4 40. Bf4
Bf5 41. Qe3 Bc2 42. Be5 Bxe5+ 43. Qxe5+ Kh7 44. Qf6 Qb8+ 45. Kg1 Kh6 46. Qxh4+
Kg7 47. Qe7 Qf4 48. Qe3 Qd6 49. Qe5+ 1-0

[Event "Transnational Crown"]
[Site "Montreal CAN"]
[Date "2023.06.06"]
[Round "1.16"]
[White "Rodrigue-Lemieux, Shawn"]
[Black "Ouellet, Maili-Jade"]
[Result "1-0"]
[WhiteElo "2469"]
[BlackElo "2243"]
[PlyCount "123"]
[EventDate "2023.06.06"]
[EventType "swiss"]
[EventRounds "9"]
[EventCountry "CAN"]

1. a3 d5 2. Nf3 c5 3. e3 a6 4. c4 e6 5. cxd5 exd5 6. d4 Nf6 7. Nc3 Nc6 8. Be2
Bd6 9. dxc5 Bxc5 10. O-O O-O 11. Qc2 Qe7 12. b4 Ba7 13. Bb2 d4 14. exd4 Nxd4
15. Nxd4 Bxd4 16. Rad1 Ba7 17. Bf3 Be6 18. Ne4 Nxe4 19. Qxe4 b5 20. Qe5 f6 21.
Qd6 Rae8 22. Qxa6 Bc4 23. Bd5+ Bxd5 24. Rxd5 Bxf2+ 25. Rxf2 Qe1+ 26. Rf1 Qe3+
27. Kh1 Qe2 28. Qxb5 Qxb2 29. Qc4 Kh8 30. Qd3 Ra8 31. Rh5 h6 32. Rh3 Rfc8 33.
Qe3 Rc2 34. Rg3 Rac8 35. h3 R2c3 36. Qe6 Rxg3 37. Qxc8+ Kh7 38. Qf5+ Kh8 39.
Rf2 Qc1+ 40. Kh2 Qc7 41. Qf4 Qxf4 42. Rxf4 Rxa3 43. Rf3 Ra7 44. b5 Rb7 45. Rb3
Kg8 46. Kg3 Kf7 47. Kf4 Ke6 48. Ke4 f5+ 49. Kd4 Kd6 50. b6 g5 51. Rb5 f4 52.
Rb2 Ke6 53. Kc5 h5 54. Kc6 Rb8 55. b7 g4 56. hxg4 hxg4 57. Rb5 Rf8 58. b8=Q
Rxb8 59. Rxb8 Ke5 60. Re8+ Kd4 61. Rg8 g3 62. Re8 1-0

[Event "Transnational Crown"]
[Site "Montreal CAN"]
[Date "2023.06.06"]
[Round "1.17"]
[White "Lawson, Eric"]
[Black "Woodward, Andy"]
[Result "0-1"]
[WhiteElo "2217"]
[BlackElo "2466"]
[PlyCount "106"]
[EventDate "2023.06.06"]
[EventType "swiss"]
[EventRounds "9"]
[EventCountry "CAN"]

1. e4 c5 2. Nf3 d6 3. Bb5+ Nd7 4. d4 cxd4 5. Qxd4 a6 6. Bxd7+ Bxd7 7. c4 e5 8.
Qd3 h6 9. Nc3 Nf6 10. O-O Be7 11. Ne1 Rc8 12. Nc2 Qc7 13. Ne3 Be6 14. b3 b5 15.
Ncd5 Nxd5 16. Nxd5 Bxd5 17. cxd5 Qc2 18. Qxc2 Rxc2 19. a4 b4 20. a5 Kd7 21. Be3
Rb8 22. Rfc1 Rbc8 23. Kf1 R2c3 24. Rcb1 Bg5 25. Bb6 Rc2 26. h4 Bc1 27. Be3 Bxe3
28. fxe3 Rd2 29. Ra4 Rcc2 30. Rxb4 Rf2+ 31. Kg1 Rxg2+ 32. Kh1 Rh2+ 33. Kg1
Rcg2+ 34. Kf1 Rg4 35. Re1 Rgxh4 36. Rb7+ Ke8 37. b4 Kd8 38. Kg1 Rh1+ 39. Kf2
R4h2+ 40. Kg3 Rh3+ 41. Kf2 R3h2+ 42. Kg3 Rxe1 43. Kxh2 Rxe3 44. b5 axb5 45. a6
Kc8 46. Rxf7 Ra3 47. Rf8+ Kc7 48. Rf7+ Kb6 49. Rd7 Kc5 50. Rc7+ Kd4 51. Rc6
Kxe4 52. Rxd6 b4 53. Rb6 Kxd5 0-1

[Event "Transnational Crown"]
[Site "Montreal CAN"]
[Date "2023.06.06"]
[Round "1.20"]
[White "Korley, Kassa"]
[Black "Zheng, Richard"]
[Result "1-0"]
[WhiteElo "2461"]
[BlackElo "2192"]
[PlyCount "73"]
[EventDate "2023.06.06"]
[EventType "swiss"]
[EventRounds "9"]
[EventCountry "CAN"]

1. Nf3 d5 2. g3 Nf6 3. Bg2 c6 4. O-O Bg4 5. d3 Nbd7 6. c4 e6 7. Nc3 Bc5 8. Qb3
Qb6 9. cxd5 Qxb3 10. axb3 exd5 11. h3 Be6 12. Na4 Bd6 13. Nd4 O-O 14. Bd2 Nc5
15. Bf4 Be7 16. Rfc1 Nfd7 17. Be3 Rfe8 18. Rc2 Na6 19. Nc3 Ndc5 20. Na2 Bf6 21.
Nc1 Be7 22. Bd2 Bd7 23. e3 h5 24. Bf1 Bf6 25. b4 Ne6 26. Nxe6 Bxe6 27. d4 Bf5
28. Bxa6 Bxc2 29. Bxb7 Rab8 30. Bxc6 Rec8 31. Bxd5 Rc7 32. Ra5 Be7 33. Na2 Bd8
34. Ra3 Bb1 35. Nc3 Bd3 36. Na4 Rc2 37. Rxd3 1-0

[Event "Transnational Crown"]
[Site "Montreal CAN"]
[Date "2023.06.06"]
[Round "1.21"]
[White "Golubeva, Oksana"]
[Black "Posthuma, Joshua"]
[Result "0-1"]
[WhiteElo "2179"]
[BlackElo "2457"]
[PlyCount "154"]
[EventDate "2023.06.06"]
[EventType "swiss"]
[EventRounds "9"]
[EventCountry "CAN"]

1. Nf3 c5 2. e3 Nf6 3. d4 cxd4 4. exd4 d5 5. Bd3 Nc6 6. c3 Qc7 7. Bg5 Bg4 8.
Nbd2 e6 9. Qc2 Bd6 10. Bh4 Nh5 11. Bg3 Nf4 12. Bxf4 Bxf4 13. g3 Bd6 14. O-O-O
O-O-O 15. Rde1 Kb8 16. Re3 Ka8 17. Kb1 Rb8 18. Qa4 Bh5 19. Rc1 Rhc8 20. Ree1
Bg6 21. Bxg6 hxg6 22. b4 b5 23. Qb3 a5 24. a3 Rb6 25. Ng5 Nd8 26. Kb2 Rc6 27.
Re3 Be7 28. h4 Bf6 29. Ngf3 Nb7 30. Ne5 Bxe5 31. Rxe5 Nd6 32. Re3 Nf5 33. Rd3
a4 34. Qc2 f6 35. Nf3 Nd6 36. Nd2 Qf7 37. Rf3 Nf5 38. Qd3 Qa7 39. Rxf5 gxf5 40.
Qxb5 Qa6 41. Qxa6+ Rxa6 42. Re1 Kb7 43. f4 Kc7 44. Re3 Kd6 45. Nf3 Re8 46. Kc2
Rc6 47. Kd2 Re7 48. Kd3 Kc7 49. Ne1 Kb6 50. Kd2 Kb5 51. Nd3 g5 52. fxg5 fxg5
53. hxg5 Rg7 54. Ne5 Rc8 55. Kd3 Rh8 56. c4+ dxc4+ 57. Nxc4 Kc6 58. Rxe6+ Kd7
59. Ra6 Rxg5 60. Ne5+ Kc7 61. Rxa4 Rxg3+ 62. Kc4 Rf8 63. Kc5 Rc3+ 64. Kd5 f4
65. Ra7+ Kb6 66. Rh7 Kb5 67. Rh2 Rxa3 68. Ke4 Re3+ 69. Kd5 f3 70. Rf2 Kxb4 71.
Nc6+ Kc3 72. Ne5 Rf6 73. Kc5 Rf8 74. Kd5 Rf5 75. Ke6 Rf4 76. Rf1 f2 77. d5 Re1
0-1

[Event "Transnational Crown"]
[Site "Montreal CAN"]
[Date "2023.06.06"]
[Round "1.22"]
[White "Sambuev, Bator"]
[Black "Demchenko, Svitlana"]
[Result "1-0"]
[WhiteElo "2448"]
[BlackElo "2173"]
[PlyCount "87"]
[EventDate "2023.06.06"]
[EventType "swiss"]
[EventRounds "9"]
[EventCountry "CAN"]

1. Nf3 d5 2. c4 e6 3. d4 h6 4. g3 Nf6 5. Bg2 Bd6 6. O-O O-O 7. Qc2 b6 8. cxd5
exd5 9. Nc3 Re8 10. Nb5 Ba6 11. Nxd6 cxd6 12. Re1 Qd7 13. Be3 Rc8 14. Qb3 Nc6
15. Qa4 Qb7 16. Bh3 Rc7 17. Rac1 Bc4 18. Qa3 Ne4 19. b3 Bb5 20. Nh4 a5 21. Nf5
Nb4 22. Qb2 Bd7 23. a3 Nc6 24. f3 Ng5 25. Bxg5 Bxf5 26. Bxf5 hxg5 27. Qd2 b5
28. Rc2 Qb6 29. e3 Raa7 30. Rec1 b4 31. a4 g6 32. Bd3 Nd8 33. Bb5 Kg7 34. Kg2
Kf6 35. g4 Kg7 36. Qf2 Rab7 37. Kg3 Ra7 38. Qe2 Kf6 39. h3 Kg7 40. Qh2 f6 41.
h4 gxh4+ 42. Qxh4 Ne6 43. Rh1 Nf8 44. Be8 1-0

[Event "Transnational Crown"]
[Site "Montreal CAN"]
[Date "2023.06.06"]
[Round "1.23"]
[White "Plotkin, Victor"]
[Black "Vidyarthi, Vyom"]
[Result "1/2-1/2"]
[WhiteElo "2170"]
[BlackElo "2436"]
[PlyCount "80"]
[EventDate "2023.06.06"]
[EventType "swiss"]
[EventRounds "9"]
[EventCountry "CAN"]

1. e4 e5 2. Nf3 Nc6 3. Bc4 Bc5 4. d3 Nf6 5. Nc3 a6 6. O-O d6 7. Be3 Bg4 8. h3
Bh5 9. Nd5 Bxe3 10. fxe3 Na5 11. Bb3 Nxd5 12. Bxd5 c6 13. Bb3 O-O 14. Qe1 Bxf3
15. Rxf3 d5 16. exd5 cxd5 17. Qb4 Rc8 18. Raf1 Rc6 19. Rf5 f6 20. d4 g6 21.
R5f2 e4 22. Rf4 Kg7 23. Qd2 Nxb3 24. axb3 Qb6 25. R1f2 a5 26. Qd1 Qc7 27. c3 b5
28. Rf1 f5 29. h4 b4 30. cxb4 axb4 31. Qe1 h5 32. Qxb4 Rb8 33. Qa4 Rcb6 34. Qa5
Qc6 35. Qe1 Rxb3 36. Qg3 Qd6 37. Qg5 Qf6 38. Rxf5 Qxg5 39. Rxg5 Rd8 40. Rff5
Rxe3 1/2-1/2

[Event "Transnational Crown"]
[Site "Montreal CAN"]
[Date "2023.06.06"]
[Round "1.24"]
[White "Heimann, Mark"]
[Black "Johnson, Donald"]
[Result "1-0"]
[WhiteElo "2426"]
[BlackElo "2160"]
[PlyCount "85"]
[EventDate "2023.06.06"]
[EventType "swiss"]
[EventRounds "9"]
[EventCountry "CAN"]

1. d4 Nf6 2. c4 g6 3. Nc3 d5 4. Nf3 Bg7 5. Qb3 dxc4 6. Qxc4 O-O 7. e4 a6 8. e5
b5 9. Qb3 Nfd7 10. e6 fxe6 11. Be3 c5 12. dxc5 Qc7 13. Ne4 Nf6 14. Nxf6+ exf6
15. h4 Qf7 16. h5 g5 17. h6 Bh8 18. a4 bxa4 19. Rxa4 Nc6 20. Rg4 Rb8 21. Qc2
Rd8 22. Bc4 Nb4 23. Qe2 Kf8 24. O-O Nd5 25. c6 e5 26. Bc5+ Ke8 27. Re4 Be6 28.
Bxa6 g4 29. Nd4 Nc7 30. Nxe6 Qxe6 31. Bb7 f5 32. Ra4 e4 33. Ba7 Ra8 34. Bxa8
Rxa8 35. Qc2 g3 36. Bb6 Qxh6 37. fxg3 Rxa4 38. Qxa4 Be5 39. Qc4 Ne6 40. Qd5 Qf6
41. Qd7+ Kf8 42. c7 Nxc7 43. Rxf5 1-0

[Event "Transnational Crown"]
[Site "Montreal CAN"]
[Date "2023.06.06"]
[Round "1.26"]
[White "Vidyarthi, Omya"]
[Black "Han, Johnathan"]
[Result "0-1"]
[WhiteElo "2081"]
[BlackElo "2140"]
[PlyCount "96"]
[EventDate "2023.06.06"]
[EventType "swiss"]
[EventRounds "9"]
[EventCountry "CAN"]

1. Nf3 Nf6 2. c4 e6 3. g3 d5 4. Bg2 Be7 5. O-O O-O 6. d4 dxc4 7. Nbd2 b5 8. Qc2
Bb7 9. a4 a6 10. b3 cxb3 11. Qxb3 b4 12. a5 Nbd7 13. Bb2 Qb8 14. Qa4 Rd8 15.
Rac1 Ne4 16. Nc4 c5 17. Nfe5 Nxe5 18. Nxe5 Nc3 19. Bxc3 Bxg2 20. Kxg2 bxc3 21.
Nc6 Qb7 22. Kg1 Rd5 23. e4 Rh5 24. Rxc3 Bf8 25. Qd1 g6 26. g4 Rh4 27. d5 exd5
28. exd5 Bd6 29. h3 h5 30. Qf3 Kg7 31. g5 Rf4 32. Qe3 Qd7 33. Qd2 Qf5 34. Rg3
h4 35. Rg2 Qxh3 36. Qe2 Re8 37. Qb2+ Kh7 38. Qb7 Kg8 39. f3 Rxf3 40. Qb1 c4 41.
Nd4 Rxf1+ 42. Kxf1 Bc5 43. Qd1 Re4 44. Qf3 Qh1+ 45. Rg1 Qxf3+ 46. Nxf3 Bxg1 47.
d6 Bc5 48. d7 Be7 0-1

[Event "Transnational Crown"]
[Site "Montreal CAN"]
[Date "2023.06.07"]
[Round "2.1"]
[White "Bartel, Mateusz"]
[Black "Kantans, Toms"]
[Result "1-0"]
[WhiteElo "2609"]
[BlackElo "2486"]
[PlyCount "63"]
[EventDate "2023.06.06"]
[EventType "swiss"]
[EventRounds "9"]
[EventCountry "CAN"]

1. e4 c5 2. Nf3 d6 3. d4 cxd4 4. Nxd4 Nf6 5. Nc3 a6 6. Be2 e5 7. Nb3 Be7 8. Qd3
Be6 9. Be3 Nbd7 10. Nd5 Bxd5 11. exd5 O-O 12. g4 b5 13. g5 Ne8 14. Qd2 Nc5 15.
Na5 f5 16. Nc6 Qd7 17. Rg1 Na4 18. f4 Nxb2 19. Qb4 Nc4 20. Bxc4 bxc4 21. fxe5
Nc7 22. O-O-O f4 23. Bb6 Nb5 24. a4 f3 25. e6 Qb7 26. Bf2 Rf4 27. Rd4 Rxd4 28.
Bxd4 Rf8 29. axb5 f2 30. Rf1 Bxg5+ 31. Kb1 Bh4 32. b6 1-0

[Event "Transnational Crown"]
[Site "Montreal CAN"]
[Date "2023.06.07"]
[Round "2.2"]
[White "Meshkovs, Nikita"]
[Black "Rodrigue-Lemieux, Shawn"]
[Result "1/2-1/2"]
[WhiteElo "2573"]
[BlackElo "2469"]
[PlyCount "99"]
[EventDate "2023.06.06"]
[EventType "swiss"]
[EventRounds "9"]
[EventCountry "CAN"]

1. d4 Nf6 2. c4 e6 3. Nf3 d5 4. g3 Be7 5. Bg2 O-O 6. Nc3 dxc4 7. Ne5 Nc6 8.
Bxc6 bxc6 9. Nxc6 Qe8 10. Nxe7+ Qxe7 11. Qa4 c5 12. dxc5 Qxc5 13. Be3 Qc7 14.
f3 e5 15. O-O-O Be6 16. Qa6 e4 17. Bf4 Qc5 18. Qd6 Qa5 19. Qc7 Qxc7 20. Bxc7
exf3 21. exf3 Rfc8 22. Bd6 Nd7 23. Nd5 Bxd5 24. Rxd5 Nb6 25. Rd4 Re8 26. Rhd1
Rac8 27. Kc2 h6 28. Re4 Rxe4 29. fxe4 f6 30. Bb4 Re8 31. Rd4 Re5 32. Bd6 Rb5
33. Rd2 Kf7 34. Kc3 Ke6 35. Bf4 a5 36. Rd6+ Ke7 37. Rd2 Ke6 38. a3 Rb3+ 39. Kd4
c3 40. bxc3 Rxa3 41. c4 Rb3 42. Bc7 Kd7 43. Bxb6 Rxb6 44. Ra2 Ra6 45. Kc5 Kc7
46. Ra4 Ra8 47. Kb5 Rb8+ 48. Kc5 Ra8 49. Kb5 Rb8+ 50. Kc5 1/2-1/2

[Event "Transnational Crown"]
[Site "Montreal CAN"]
[Date "2023.06.07"]
[Round "2.5"]
[White "Woodward, Andy"]
[Black "Matviishen, Viktor"]
[Result "1/2-1/2"]
[WhiteElo "2466"]
[BlackElo "2538"]
[PlyCount "71"]
[EventDate "2023.06.06"]
[EventType "swiss"]
[EventRounds "9"]
[EventCountry "CAN"]

1. d4 Nf6 2. c4 e6 3. Nf3 b6 4. g3 Ba6 5. Qc2 c5 6. d5 exd5 7. cxd5 Bb7 8. Bg2
Nxd5 9. O-O Be7 10. Qe4 Bc6 11. Ne5 Nf6 12. Nxc6 Nxc6 13. Qa4 Rc8 14. Nc3 O-O
15. Bf4 d5 16. Rad1 Qe8 17. Nxd5 Nd4 18. Nxe7+ Qxe7 19. Rfe1 Rcd8 20. e3 b5 21.
exd4 Qxe1+ 22. Rxe1 bxa4 23. dxc5 Rfe8 24. Rxe8+ Rxe8 25. c6 Rc8 26. Kf1 Kf8
27. Ke2 Ke7 28. Kd3 Ng4 29. Kc4 f6 30. Kc5 Nxf2 31. Bf1 Ne4+ 32. Kd5 a3 33.
bxa3 Nc3+ 34. Kc5 Ne4+ 35. Kd5 Nc3+ 36. Kc5 1/2-1/2

[Event "Transnational Crown"]
[Site "Montreal CAN"]
[Date "2023.06.07"]
[Round "2.6"]
[White "Cruz, Cristhian"]
[Black "Korley, Kassa"]
[Result "1/2-1/2"]
[WhiteElo "2522"]
[BlackElo "2461"]
[PlyCount "54"]
[EventDate "2023.06.06"]
[EventType "swiss"]
[EventRounds "9"]
[EventCountry "CAN"]

1. d4 e6 2. c4 d5 3. Nf3 c5 4. cxd5 exd5 5. g3 Nf6 6. Bg2 Nc6 7. O-O Be7 8. b3
Ne4 9. Bb2 Bf6 10. Nbd2 O-O 11. Nxe4 dxe4 12. Nd2 Bxd4 13. Bxd4 cxd4 14. Nxe4
Qe7 15. Rc1 Rd8 16. Qd2 h6 17. Nc5 Rd6 18. Rfe1 Be6 19. Nxe6 Qxe6 20. Bxc6 bxc6
21. Qd3 Rd5 22. Rc4 c5 23. Rec1 Re8 24. Rxc5 Rxc5 25. Rxc5 Qxe2 26. Qxd4 Qxa2
27. Qb4 Qb1+ 1/2-1/2

[Event "Transnational Crown"]
[Site "Montreal CAN"]
[Date "2023.06.07"]
[Round "2.7"]
[White "Posthuma, Joshua"]
[Black "Almeida Quintana, Omar"]
[Result "1/2-1/2"]
[WhiteElo "2457"]
[BlackElo "2520"]
[PlyCount "99"]
[EventDate "2023.06.06"]
[EventType "swiss"]
[EventRounds "9"]
[EventCountry "CAN"]

1. d4 d6 2. e4 Nf6 3. f3 c5 4. c3 Qc7 5. Be3 Nbd7 6. Bd3 e5 7. d5 Be7 8. Nd2
O-O 9. Ne2 Nh5 10. g4 Bh4+ 11. Kf1 Nhf6 12. Ng3 Nb6 13. a4 Bd7 14. Bb5 Bxb5+
15. axb5 g6 16. Bh6 Rfb8 17. Kg2 Ne8 18. Qe2 Qd7 19. Ra5 Nc7 20. Rha1 Nc8 21.
c4 a6 22. bxa6 bxa6 23. b3 Ne7 24. f4 exf4 25. Bxf4 Bf6 26. e5 Nexd5 27. cxd5
Nxd5 28. Rf1 Nxf4+ 29. Rxf4 Bxe5 30. Rf3 Qxg4 31. Rxa6 h5 32. Rxa8 Rxa8 33. Qc4
Ra7 34. Qxg4 hxg4 35. Rd3 f5 36. Nc4 Ra2+ 37. Rd2 Rxd2+ 38. Nxd2 d5 39. h3
gxh3+ 40. Kxh3 Kf7 41. Nf3 Kf6 42. Kg2 Bd6 43. Ne2 g5 44. Nc3 g4 45. Nxd5+ Ke6
46. Ne3 gxf3+ 47. Kxf3 Bc7 48. Ke2 f4 49. Nc4 Kd5 50. Kd3 1/2-1/2

[Event "Transnational Crown"]
[Site "Montreal CAN"]
[Date "2023.06.07"]
[Round "2.8"]
[White "Moradiabadi, Elshan"]
[Black "Sambuev, Bator"]
[Result "1-0"]
[WhiteElo "2520"]
[BlackElo "2448"]
[PlyCount "81"]
[EventDate "2023.06.06"]
[EventType "swiss"]
[EventRounds "9"]
[EventCountry "CAN"]

1. c4 e5 2. Nc3 Nc6 3. g3 g6 4. Bg2 Bg7 5. d3 Nge7 6. e4 Nd4 7. Nge2 c6 8. O-O
O-O 9. Nxd4 exd4 10. Ne2 d6 11. b4 f5 12. Bb2 fxe4 13. Bxd4 e3 14. fxe3 Bg4 15.
Bxg7 Kxg7 16. Rxf8 Qxf8 17. Qd2 Bxe2 18. Qxe2 Nf5 19. Rf1 Qe7 20. Be4 Re8 21.
Bxf5 gxf5 22. Qb2+ Kg6 23. Re1 Qe5 24. Qxe5 Rxe5 25. Kf2 a5 26. d4 Re8 27. bxa5
Ra8 28. Rb1 Rxa5 29. Rxb7 Rxa2+ 30. Kf3 Rxh2 31. Rd7 c5 32. Rxd6+ Kg5 33. dxc5
Ra2 34. c6 Ra4 35. c5 Ra5 36. Rd5 Ra6 37. g4 Rxc6 38. Rxf5+ Kg6 39. Ke4 Ra6 40.
Kd5 Ra3 41. Re5 1-0